<?xml version="1.0" encoding="UTF-8"?>
<record
    xmlns:xsi="http://www.w3.org/2001/XMLSchema-instance"
    xsi:schemaLocation="http://www.loc.gov/MARC21/slim http://www.loc.gov/standards/marcxml/schema/MARC21slim.xsd"
    xmlns="http://www.loc.gov/MARC21/slim">

  <leader>00738nam a22002057a 4500</leader>
  <controlfield tag="005">20150713124835.0</controlfield>
  <controlfield tag="008">a080409t19731971mx            000 0 spa u</controlfield>
  <datafield tag="100" ind1="1" ind2=" ">
    <subfield code="a">Mosher , Arthur T.</subfield>
  </datafield>
  <datafield tag="245" ind1="1" ind2="0">
    <subfield code="a">Creaci&#xF3;n de una agricultura moderna :</subfield>
    <subfield code="b">Organizaci&#xF3;n y planeamiento /</subfield>
    <subfield code="c">Arthur T. Mosher ;tr.Julio Col&#xF3;n Manrique</subfield>
  </datafield>
  <datafield tag="250" ind1=" " ind2=" ">
    <subfield code="a">1a ed.</subfield>
  </datafield>
  <datafield tag="260" ind1=" " ind2=" ">
    <subfield code="a">M&#xE9;xico :</subfield>
    <subfield code="b">U.T.E.H.A. ,</subfield>
    <subfield code="c">c1973</subfield>
  </datafield>
  <datafield tag="300" ind1=" " ind2=" ">
    <subfield code="a">x,145p. ;</subfield>
    <subfield code="c">23cm.</subfield>
  </datafield>
  <datafield tag="500" ind1=" " ind2=" ">
    <subfield code="a">Traducci&#xF3;n de: To create a modern agriculture organization and planning</subfield>
  </datafield>
  <datafield tag="504" ind1=" " ind2=" ">
    <subfield code="a">Incluye : Ap&#xE9;ndices , bibliograf&#xED;a e &#xED;ndice</subfield>
  </datafield>
  <datafield tag="650" ind1=" " ind2="4">
    <subfield code="a">Agricultura y Estado</subfield>
  </datafield>
  <datafield tag="650" ind1=" " ind2="4">
    <subfield code="a">Planeaci&#xE2;on Agr&#xED;cola</subfield>
  </datafield>
  <datafield tag="700" ind1="1" ind2=" ">
    <subfield code="a">Col&#xF3;n Manrique, Julio, tr.</subfield>
  </datafield>
  <datafield tag="942" ind1=" " ind2=" ">
    <subfield code="2">lcc</subfield>
    <subfield code="c">LIB</subfield>
  </datafield>
  <datafield tag="999" ind1=" " ind2=" ">
    <subfield code="c">56422</subfield>
    <subfield code="d">56422</subfield>
  </datafield>
  <datafield tag="952" ind1=" " ind2=" ">
    <subfield code="1">0</subfield>
    <subfield code="2">lcc</subfield>
    <subfield code="4">0</subfield>
    <subfield code="7">0</subfield>
    <subfield code="a">LIC-013</subfield>
    <subfield code="b">LIC-013</subfield>
    <subfield code="c">GENERAL</subfield>
    <subfield code="d">2015-07-13</subfield>
    <subfield code="f">1a ed.</subfield>
    <subfield code="k">CA</subfield>
    <subfield code="o">HD1415 M67 1973</subfield>
    <subfield code="p">MVZ000006205</subfield>
    <subfield code="r">2015-07-13 00:00:00</subfield>
    <subfield code="t">C:1</subfield>
    <subfield code="y">LIB</subfield>
  </datafield>
  <datafield tag="952" ind1=" " ind2=" ">
    <subfield code="1">0</subfield>
    <subfield code="2">lcc</subfield>
    <subfield code="4">0</subfield>
    <subfield code="7">0</subfield>
    <subfield code="a">LIC-009</subfield>
    <subfield code="b">LIC-009</subfield>
    <subfield code="c">GENERAL</subfield>
    <subfield code="d">2016-01-19</subfield>
    <subfield code="f">1a ed.</subfield>
    <subfield code="i">CBA</subfield>
    <subfield code="k">CA</subfield>
    <subfield code="o">HD1415 M67 1973</subfield>
    <subfield code="p">BFAU000000465</subfield>
    <subfield code="r">2016-01-19 00:00:00</subfield>
    <subfield code="t">C:1</subfield>
    <subfield code="y">LIB</subfield>
  </datafield>
</record>
